[Event "3. Open Internacional de Calviá"]
[Site "Calvia ESP"]
[Date "2006.10.28"]
[Round "9.24"]
[White "Ghaem Maghami, Ehsan"]
[Black "Hoenick, Andreas"]
[Result "1-0"]
[WhiteElo "2580"]
[BlackElo "2177"]
[PlyCount "53"]
[EventDate "2006.10.20"]
[EventType "swiss"]
[EventRounds "9"]
[EventCountry "ESP"]
[Source "lmi"]
[SourceDate "2006.10.20"]

1. Nf3 Nf6 2. c4 e6 3. g3 d5 4. Bg2 Be7 5. O-O O-O 6. d4 Nbd7 7. Qc2 c6 8. Bf4
Re8 9. Rd1 Nf8 10. Nbd2 Ng6 11. Bg5 b6 12. e4 Nxe4 13. Bxe7 Qxe7 14. Nxe4 dxe4
15. Qxe4 Bb7 16. Ne5 Rac8 17. h4 Nf8 18. c5 Nd7 19. Qe3 Nf6 20. Nc4 bxc5 21.
dxc5 Rc7 22. Nd6 Rb8 23. b4 Ba6 24. Rab1 Nd5 25. Qd4 Bb5 26. Re1 Ba4 27. b5 1-0

[Event "3. Open Internacional de Calviá"]
[Site "Calvia ESP"]
[Date "2006.10.28"]
[Round "9.25"]
[White "Movsziszian, Karen"]
[Black "Moreto Quintana, Alex"]
[Result "0-1"]
[WhiteElo "2456"]
[BlackElo "2162"]
[PlyCount "132"]
[EventDate "2006.10.20"]
[EventType "swiss"]
[EventRounds "9"]
[EventCountry "ESP"]
[Source "lmi"]
[SourceDate "2006.10.20"]

1. e4 e5 2. Nf3 Nc6 3. Bb5 f5 4. d3 fxe4 5. dxe4 Nf6 6. O-O Bc5 7. Qd3 Qe7 8.
Nc3 Nd4 9. Bc4 Nxf3+ 10. Qxf3 c6 11. Ne2 d6 12. Ng3 Bg4 13. Qd3 O-O-O 14. Bg5
h6 15. Be3 d5 16. exd5 cxd5 17. Nf5 Qe6 18. Nxg7 Qf7 19. Bxc5 dxc4 20. Qa3 Qxg7
21. Bxa7 Qc7 22. f3 Bf5 23. Bf2 Rhg8 24. Rfe1 Rd5 25. b3 c3 26. Qb4 Rd2 27. Qh4
Nd5 28. Qxh6 Nf4 29. g4 e4 30. Kf1 Bd7 31. Rxe4 Bb5+ 32. Kg1 Ne2+ 33. Kh1 Qf7
34. Re3 Bc6 35. Qh3 Rf8 36. g5+ Kb8 37. Bg3+ Ka8 38. Rf1 Nd4 39. Rxc3 Nxf3 40.
Rxc6 bxc6 41. Qh6 Rc8 42. c4 Qf5 43. Qf6 Qxf6 44. gxf6 Nxh2 45. Rf4 Rh8 46. Kg1
Rd3 47. Kg2 Rd7 48. c5 Rd2+ 49. Bf2 Rxa2 50. f7 Rf8 51. Kxh2 Ra7 52. Bg3 Rfxf7
53. Rb4 Rab7 54. Ra4+ Ra7 55. Rd4 Ra2+ 56. Kh3 Rb2 57. Rb4 Rf3 58. Ra4+ Kb7 59.
Rb4+ Kc8 60. Rb8+ Kd7 61. b4 Rbb3 62. Rg8 Rxb4 63. Kg2 Rc3 64. Bf2 Rb2 65. Rg5
Rcc2 66. Rf5 Ke6 0-1

[Event "3. Open Internacional de Calviá"]
[Site "Calvia ESP"]
[Date "2006.10.28"]
[Round "9.26"]
[White "Oliver Serrano, Angel"]
[Black "Mareco, Sandro"]
[Result "0-1"]
[WhiteElo "2153"]
[BlackElo "2335"]
[PlyCount "51"]
[EventDate "2006.10.20"]
[EventType "swiss"]
[EventRounds "9"]
[EventCountry "ESP"]
[Source "lmi"]
[SourceDate "2006.10.20"]

1. e4 e5 2. Nf3 Nc6 3. d4 exd4 4. Nxd4 Bc5 5. Be3 Qf6 6. Nb5 Bxe3 7. fxe3 Qd8
8. Qg4 Kf8 9. Qf4 d6 10. Bc4 Ne5 11. O-O Nf6 12. Bb3 a6 13. Nd4 c5 14. Nf5 c4
15. Bxc4 Nxc4 16. Nxg7 Ne5 17. Nf5 Bxf5 18. Qh6+ Ke7 19. Rxf5 Nfg4 20. Qg5+ Kd7
21. Rxf7+ Nxf7 22. Qxg4+ Kc6 23. Nc3 Ne5 24. Qd1 Qg5 25. Qd5+ Kc7 26. Rd1 0-1

[Event "3. Open Internacional de Calviá"]
[Site "Calvia ESP"]
[Date "2006.10.28"]
[Round "9.27"]
[White "Fokin, Sergey"]
[Black "Habibi, Ali"]
[Result "1/2-1/2"]
[WhiteElo "2157"]
[BlackElo "2298"]
[PlyCount "42"]
[EventDate "2006.10.20"]
[EventType "swiss"]
[EventRounds "9"]
[EventCountry "ESP"]
[Source "lmi"]
[SourceDate "2006.10.20"]

1. d4 d6 2. c4 e5 3. Nf3 Nc6 4. dxe5 Nxe5 5. e4 g6 6. Be2 Bg7 7. O-O Ne7 8. Nd4
O-O 9. Nc3 Kh8 10. Bg5 f6 11. Be3 f5 12. exf5 Nxf5 13. Nxf5 Bxf5 14. Qd2 Be6
15. b3 a6 16. Rad1 Nc6 17. Bh6 Qf6 18. Bxg7+ Qxg7 19. Nd5 Rae8 20. f4 Bxd5 21.
Qxd5 Ne7 1/2-1/2

[Event "3. Open Internacional de Calviá"]
[Site "Calvia ESP"]
[Date "2006.10.28"]
[Round "9.28"]
[White "Gonzalez Arribas, Vidal Alejand"]
[Black "Canyelles Frau, Josep"]
[Result "1-0"]
[WhiteElo "2297"]
[BlackElo "2080"]
[PlyCount "31"]
[EventDate "2006.10.20"]
[EventType "swiss"]
[EventRounds "9"]
[EventCountry "ESP"]
[Source "lmi"]
[SourceDate "2006.10.20"]

1. c4 e5 2. Nc3 Nf6 3. Nf3 Nc6 4. g3 d5 5. cxd5 Nxd5 6. Bg2 Be6 7. O-O Be7 8.
d4 exd4 9. Nxd4 Nxd4 10. Qxd4 Bf6 11. Qa4+ c6 12. Nxd5 Bxd5 13. Rd1 b5 14. Qc2
Qc8 15. e4 Be6 16. e5 1-0

[Event "3. Open Internacional de Calviá"]
[Site "Calvia ESP"]
[Date "2006.10.28"]
[Round "9.29"]
[White "Galiana, Juan Ramon"]
[Black "Ruprich, Udo"]
[Result "1-0"]
[WhiteElo "2291"]
[BlackElo "2035"]
[PlyCount "91"]
[EventDate "2006.10.20"]
[EventType "swiss"]
[EventRounds "9"]
[EventCountry "ESP"]
[Source "lmi"]
[SourceDate "2006.10.20"]

1. e4 e5 2. Nf3 Nc6 3. Bb5 a6 4. Ba4 Nf6 5. Qe2 d6 6. O-O Bg4 7. c3 Be7 8. h3
Bh5 9. Rd1 O-O 10. d3 Re8 11. Nbd2 b5 12. Bc2 Qd7 13. Nf1 Rad8 14. Ng3 Bg6 15.
Nh4 d5 16. Nhf5 Bf8 17. Bg5 d4 18. a3 a5 19. h4 Bxf5 20. Nxf5 Qe6 21. Qf3 Rd7
22. Rdc1 dxc3 23. bxc3 Ne7 24. Rcb1 Qc6 25. Nh6+ gxh6 26. Bxf6 h5 27. Bxe5 Ng6
28. Bg3 Qxc3 29. Qf5 Red8 30. Ra2 c6 31. e5 Re7 32. f4 a4 33. Bf2 Bg7 34. g3
Red7 35. Qxh5 Rxd3 36. Bxd3 Rxd3 37. Kg2 Qc4 38. Qe2 Qd5+ 39. Kh2 Bf8 40. h5
Ne7 41. Qg4+ Kh8 42. Re2 h6 43. f5 Rf3 44. f6 Nf5 45. Rd1 Qxd1 46. Qxf3 1-0

[Event "3. Open Internacional de Calviá"]
[Site "Calvia ESP"]
[Date "2006.10.28"]
[Round "9.30"]
[White "Suuronen, Petri"]
[Black "Rodriguez Lopez, Rafael"]
[Result "0-1"]
[WhiteElo "1925"]
[BlackElo "2289"]
[PlyCount "104"]
[EventDate "2006.10.20"]
[EventType "swiss"]
[EventRounds "9"]
[EventCountry "ESP"]
[Source "lmi"]
[SourceDate "2006.10.20"]

1. Nf3 Nf6 2. g3 d5 3. Bg2 c5 4. O-O Nc6 5. d3 e5 6. Nbd2 Be7 7. e4 O-O 8. a4
Qc7 9. exd5 Nxd5 10. Nc4 Rd8 11. Re1 f6 12. Nfd2 Bf8 13. Ne4 Bf5 14. Be3 Nxe3
15. fxe3 Be6 16. Qe2 Kh8 17. Nc3 Rac8 18. Nb5 Qb8 19. Qh5 g6 20. Qf3 Bg7 21.
Qf2 a6 22. Nc3 b5 23. axb5 axb5 24. Na5 Nb4 25. Rf1 Rd7 26. Qe2 f5 27. d4 cxd4
28. exd4 Qb6 29. Qxb5 Qxb5 30. Nxb5 Nxc2 31. Rac1 e4 32. Rf2 Rd5 33. Rfxc2 Rxc2
34. Rxc2 Rxb5 35. Nc6 Bd7 36. Bf1 Bxc6 37. Rxc6 Bxd4+ 38. Kh1 Rxb2 39. Rc8+ Kg7
40. Rc7+ Kf6 41. Rxh7 e3 42. Bc4 e2 43. Rf7+ Kg5 44. h4+ Kh6 45. Bxe2 Rxe2 46.
h5 Re1+ 47. Kg2 Kxh5 48. Kh3 Kg5 49. Kg2 Re2+ 50. Kh3 Bg1 51. g4 fxg4+ 52. Kg3
Bh2# 0-1

[Event "3. Open Internacional de Calviá"]
[Site "Calvia ESP"]
[Date "2006.10.28"]
[Round "9.34"]
[White "Planas Gene, Juan"]
[Black "Loerke, Reinhard"]
[Result "1-0"]
[WhiteElo "2191"]
[BlackElo "2014"]
[PlyCount "77"]
[EventDate "2006.10.20"]
[EventType "swiss"]
[EventRounds "9"]
[EventCountry "ESP"]
[Source "lmi"]
[SourceDate "2006.10.20"]

1. d4 d5 2. c4 e5 3. dxe5 d4 4. Nf3 Nc6 5. g3 Bg4 6. Bg2 Qd7 7. O-O O-O-O 8.
Qa4 Bc5 9. Qb5 Bb6 10. b4 a6 11. Qa4 Bxf3 12. Bxf3 Nxe5 13. Qxd7+ Rxd7 14. Bg2
f5 15. c5 Ba7 16. Bf4 Ng6 17. Bd2 c6 18. Na3 Nf6 19. Nc4 Ne8 20. Rfd1 h5 21.
Bh3 Rf8 22. e4 dxe3 23. Bxe3 h4 24. g4 Nf6 25. Nd6+ Rxd6 26. Rxd6 Bb8 27. gxf5
Ne5 28. Re6 Neg4 29. Bxg4 Nxg4 30. Rd1 Bxh2+ 31. Kg2 Be5 32. Kh3 Nxe3 33. fxe3
Rxf5 34. Kg4 g6 35. Rxg6 Rf2 36. Rg8+ Kc7 37. Re8 Bg3 38. e4 Rxa2 39. Red8 1-0

[Event "3. Open Internacional de Calviá"]
[Site "Calvia ESP"]
[Date "2006.10.28"]
[Round "9.35"]
[White "Beltran, Jorge"]
[Black "Leskovar, Mario"]
[Result "0-1"]
[WhiteElo "2154"]
[BlackElo "2373"]
[PlyCount "47"]
[EventDate "2006.10.20"]
[EventType "swiss"]
[EventRounds "9"]
[EventCountry "ESP"]
[Source "lmi"]
[SourceDate "2006.10.20"]

1. d4 g6 2. c4 Bg7 3. Nc3 c5 4. d5 Bxc3+ 5. bxc3 f5 6. e4 fxe4 7. f3 d6 8. fxe4
Nf6 9. Bd3 Qa5 10. Qc2 Nbd7 11. Nf3 Ne5 12. Nxe5 dxe5 13. O-O Qc7 14. Bd2 h6
15. Be2 Bd7 16. Rf2 Qd6 17. Re1 g5 18. Bd1 O-O-O 19. Qb2 Kb8 20. Qa3 Ka8 21.
Bc1 Be8 22. Rb2 Bg6 23. Bc2 Rc8 24. Rb5 0-1

[Event "3. Open Internacional de Calviá"]
[Site "Calvia ESP"]
[Date "2006.10.28"]
[Round "9.36"]
[White "Lanzani, Mario"]
[Black "Haraldsson, Leif"]
[Result "1-0"]
[WhiteElo "2335"]
[BlackElo "2047"]
[PlyCount "103"]
[EventDate "2006.10.20"]
[EventType "swiss"]
[EventRounds "9"]
[EventCountry "ESP"]
[Source "lmi"]
[SourceDate "2006.10.20"]

1. e4 e5 2. f4 exf4 3. Bc4 h6 4. Nc3 d6 5. d4 Ne7 6. Bxf4 Ng6 7. Qf3 Qh4+ 8.
Bg3 Qf6 9. Qxf6 gxf6 10. Nd5 Kd8 11. Nxf6 Be6 12. Bxe6 fxe6 13. Nh5 Nc6 14. Nf3
Nb4 15. Kd2 Be7 16. c3 Na6 17. Nf4 Nxf4 18. Bxf4 Kd7 19. Rhf1 Rag8 20. g3 Nb8
21. b4 Kd8 22. Kd3 Nd7 23. c4 b6 24. b5 Kc8 25. a4 Kb7 26. a5 Rh7 27. a6+ Kc8
28. Rac1 Bg5 29. Be3 Bxe3 30. Kxe3 Kd8 31. e5 Ke7 32. Rce1 Rg4 33. Kd3 Rf7 34.
Re4 Rxe4 35. Kxe4 dxe5 36. dxe5 Rf5 37. g4 Rf7 38. h4 Nc5+ 39. Ke3 Nd7 40. Rg1
Rg7 41. h5 Rg8 42. Ke4 Nc5+ 43. Kf4 Rf8+ 44. Ke3 Nd7 45. g5 Rf5 46. gxh6 Nxe5
47. Rg7+ Kd6 48. Nd2 Nxc4+ 49. Nxc4+ Kc5 50. Rxc7+ Kb4 51. h7 Rxh5 52. Nd6 1-0

[Event "3. Open Internacional de Calviá"]
[Site "Calvia ESP"]
[Date "2006.10.28"]
[Round "9.38"]
[White "Munar Rossello, Pedro"]
[Black "Uribe Arteaga, Daniel"]
[Result "0-1"]
[WhiteElo "2084"]
[BlackElo "2202"]
[PlyCount "96"]
[EventDate "2006.10.20"]
[EventType "swiss"]
[EventRounds "9"]
[EventCountry "ESP"]
[Source "lmi"]
[SourceDate "2006.10.20"]

1. d4 Nf6 2. c4 e6 3. Nc3 Bb4 4. a3 Bxc3+ 5. bxc3 d5 6. f3 c5 7. e3 Nc6 8. cxd5
Nxd5 9. Qc2 b6 10. c4 Nc7 11. dxc5 bxc5 12. Bb2 O-O 13. Bd3 h6 14. Ne2 Bb7 15.
O-O e5 16. Rad1 Qg5 17. f4 exf4 18. exf4 Qe7 19. Rfe1 Qe3+ 20. Kh1 Rfe8 21. Qc3
f6 22. Ng3 Qxf4 23. Rf1 Qg4 24. Bf5 Qh4 25. Bb1 Ne6 26. Nf5 Qh5 27. Nd6 Re7 28.
Qd3 Nf8 29. Rf5 Qe2 30. Qxe2 Rxe2 31. Bc3 Rd8 32. Rfd5 Ba8 33. Bd3 Ra2 34. Rxc5
Rxd6 35. Bh7+ Kxh7 36. Rxd6 Rc2 37. Bd2 Ng6 38. h3 Nce5 39. Rc7 Nh4 40. Rxa7
Bxg2+ 41. Kh2 Nef3+ 42. Kg3 Nf5+ 43. Kxg2 Nxd6 44. Kxf3 Rxd2 45. c5 Nb5 46. Ra5
Nc7 47. Ke3 Rd1 48. Ke2 Rd5 0-1

[Event "3. Open Internacional de Calviá"]
[Site "Calvia ESP"]
[Date "2006.10.28"]
[Round "9.40"]
[White "Moreno Garcia, Alfonso"]
[Black "Vianello, Enrico"]
[Result "0-1"]
[WhiteElo "1988"]
[BlackElo "2164"]
[PlyCount "122"]
[EventDate "2006.10.20"]
[EventType "swiss"]
[EventRounds "9"]
[EventCountry "ESP"]
[Source "lmi"]
[SourceDate "2006.10.20"]

1. e4 c5 2. Nf3 Nc6 3. d4 cxd4 4. Nxd4 Nf6 5. Nc3 e5 6. Ndb5 d6 7. Bg5 a6 8.
Na3 b5 9. Bxf6 gxf6 10. Nd5 f5 11. Bd3 Be6 12. c3 Bg7 13. Qf3 Bxd5 14. exd5 e4
15. Qe2 Ne7 16. Bc2 b4 17. Ba4+ Kf8 18. cxb4 Nxd5 19. O-O Nxb4 20. Nc4 Nd3 21.
Qh5 Qf6 22. Nb6 Qd4 23. Bb3 Ra7 24. Nd5 Qe5 25. Qg5 Kg8 26. Qd8+ Bf8 27. Qg5+
Bg7 28. Qd8+ Bf8 29. Qg5+ Bg7 30. Rac1 h6 31. Rc8+ Kh7 32. Rxh8+ Bxh8 33. Qd8
Rb7 34. Nc7 Qf6 35. Qc8 Nc5 36. Nxa6 Re7 37. Nxc5 dxc5 38. Qxc5 Qg5 39. a4 Bxb2
40. a5 Qf6 41. Kh1 Bd4 42. Qb5 f4 43. Bc2 Kg7 44. a6 Re5 45. Qb7 Re7 46. Qd5
Qe5 47. Qc6 Bxf2 48. h3 Ba7 49. Re1 e3 50. Qf3 Rc7 51. Qe2 Qc3 52. Bb1 Qf6 53.
Qd3 f3 54. Qe4 f2 55. Rf1 Re7 56. Qh7+ Kf8 57. Kh2 e2 58. Rc1 Bb8+ 59. g3 Bxg3+
60. Kxg3 Re3+ 61. Kg2 Qf3+ 0-1